000
00320nam a22001217a 4500
008
181204b xxu||||| |||| 00| 0 eng d
041
_a
eng
080
_a
616
100
_a
9
101
_a
PAT
245
_a
Successful Interactive Skills for Speech-Language Pathologists and Audiologists
_c
Molyneaux, D
942
_2
udc
_c
BK
999
_c
52801
_d
52801